000 00561nam a2200229Ia 4500
003 OSt
005 20220924151853.0
006 a|||||r|||| 00| 0
007 ta
008 220923b |||||||| |||| 00| 0 mar d
024 _a339414
037 _cTextual
040 _aARTS
_cARTS
_bmar
041 _2mar
_amar
082 _aB4, 155J0
100 _aThosara
_9225143
245 0 _aMarathi madhyamiha tvikonamili
260 _c1950
650 _aMATHEMATICS
_92141
942 _hB4, 155J0
_cTEXL
_2CC
999 _c467903
_d467903